Review and recommendations (Record no. 28361)
[ view plain ]
| 000 -LEADER | |
|---|---|
| fixed length control field | 01831nam a2200373Ia 4500 |
| 082 04 - DEWEY DECIMAL CLASSIFICATION NUMBER | |
| Classification number | 361.6/1 |
| 245 10 - TITLE STATEMENT | |
| Title | Review and recommendations |
| 260 ## - PUBLICATION, DISTRIBUTION, ETC. (IMPRINT) | |
| Place of publication | Washington, D.C. : |
| Name of publisher | National Academy Press, |
| Year of publication | 1991. |
| 300 ## - PHYSICAL DESCRIPTION | |
| Number of Pages | xiv, 346 p. : |
| Other physical details | ill. |
| 490 0# - SERIES STATEMENT | |
| Series statement | Improving information for social policy decisions: the uses of microsimulation modeling ; |
| 650 #0 - SUBJECT ADDED ENTRY--TOPICAL TERM | |
| Topical Term | Public welfare |
| Topical Term | Social policy |
| Topical Term | Social policy |
| Topical Term | Decision making |
| 700 1# - ADDED ENTRY--PERSONAL NAME | |
| Personal name | Citro, Constance F. |
| Personal name | Hanushek, Eric A. |
| 856 40 - ELECTRONIC LOCATION AND ACCESS | |
| Uniform Resource Identifier | http://site.ebrary.com/lib/rucke/Doc?id=10068413 |
No items available.
